[Event "Arad op 15th"]
[Site "Arad"]
[Date "2022.08.08"]
[Round "1"]
[White "Kazarian, Anna Maja"]
[Black "Tablan, Andrei Damian"]
[Result "1/2-1/2"]
[WhiteElo "2139"]
[BlackElo "1798"]
[PlyCount "159"]
[EventDate "2022.08.08"]
[EventType "swiss"]
[EventRounds "9"]
[EventCountry "ROU"]
[SourceTitle "CBM 209 Extra"]
[Source "ChessBase"]
[SourceDate "2022.09.30"]
[SourceVersion "1"]
[SourceVersionDate "2022.09.30"]
[SourceQuality "1"]

1. e4 c6 2. d4 d5 3. e5 Bf5 4. g4 Bd7 5. c4 e6 6. Nc3 Bb4 7. Nf3 Ne7 8. Bd2 c5 9. cxd5 exd5 10. h3 a6 11. a3 Bxc3 12. Bxc3 cxd4 13. Nxd4 Nbc6 14. Nxc6 Bxc6 15. Qd4 Qc7 16. Rc1 0-0 17. Bd3 f6 18. 0-0 fxe5 19. Qxe5 Qxe5 20. Bxe5 Rf3 21. Be2 Rxh3 22. Kg2 Rb3 23. Bd1 Rd3 24. Bc2 Rd2 25. Kg3 Re2 26. Rfe1 Rxe1 27. Rxe1 Re8 28. f4 Nc8 29. Rh1 g6 30. Rd1 Nb6 31. Bd4 Nc4 32. Kf3 Kf7 33. f5 gxf5 34. gxf5 Ne5+ 35. Kf4 Nd7 36. Rh1 Nf8 37. Be5 Re7 38. Rg1 Ke8 39. Rg8 Kf7 40. Rg7+ Ke8 41. Rg8 Kf7 42. Rh8 Rxe5 43. Kxe5 Kg7 44. Rxf8 Kxf8 45. Kf6 Bb5 46. Ke5 Bc6 47. Bd1 Ke7 48. a4 h5 49. f6+ Kf8 50. Bxh5 Bxa4 51. Kxd5 Bc6+ 52. Ke6 Be4 53. Kd6 Bc6 54. Bg6 Bf3 55. Kc7 Bd5 56. b4 Bc6 57. Bf5 Kf7 58. Bc8 Kxf6 59. Bxb7 Bb5 60. Kb6 Ke7 61. Bxa6 Ba4 62. Bb5 Bb3 63. Kc7 Bc2 64. Bc4 Ba4 65. Be2 Ke6 66. Bg4+ Kd5 67. Kb6 Kd6 68. Ka5 Bc6 69. Kb6 Ba4 70. Be2 Bc6 71. Bd1 Bd7 72. Ka5 Kc7 73. Be2 Kb8 74. Kb6 Bf5 75. Ba6 Bg4 76. Kc6 Bf5 77. Bc4 Bg4 78. b5 Bf5 79. b6 Bg4 80. Bd5 1/2-1/2

[Event "ROM-ch U16"]
[Site "Mamaia"]
[Date "2021.04.11"]
[Round "7"]
[White "Rusu, Dragos"]
[Black "Tablan, Andrei Damian"]
[Result "0-1"]
[WhiteElo "1001"]
[BlackElo "1772"]
[PlyCount "66"]
[EventDate "2021.04.07"]
[EventType "swiss"]
[EventRounds "9"]
[EventCountry "ROU"]
[SourceTitle "EXT 2022"]
[Source "ChessBase"]
[SourceDate "2021.10.06"]
[SourceVersion "1"]
[SourceVersionDate "2021.10.06"]
[SourceQuality "1"]

1. c4 Nf6 2. g3 g6 3. Bg2 Bg7 4. e3 c6 5. d4 d5 6. cxd5 cxd5 7. Nc3 Nc6 8. Nge2 0-0 9. 0-0 e6 10. h3 b6 11. g4 Bb7 12. Ng3 Nd7 13. f4 f5 14. g5 Ba6 15. Rf2 Rc8 16. a3 Na5 17. Bd2 Nc4 18. Rb1 Nb8 19. Bf3 Nc6 20. Rh2 N6a5 21. h4 Nxd2 22. Qxd2 Nc4 23. Qe1 Re8 24. h5 Kf7 25. Kf2 Qc7 26. hxg6+ hxg6 27. Nge2 Rh8 28. Rxh8 Rxh8 29. Rc1 Nxb2 30. Qd2 Nd3+ 31. Kg3 Nxc1 32. Qxc1 Bxe2 33. Bxe2 Rc8 0-1

[Event "Bicaz City Cup"]
[Site "Bicaz"]
[Date "2020.03.07"]
[Round "5"]
[White "Dobre, Claudiu Cristian"]
[Black "Tablan, Andrei Damian"]
[Result "1-0"]
[WhiteElo "2312"]
[BlackElo "1808"]
[PlyCount "61"]
[EventDate "2020.03.05"]
[EventType "swiss"]
[EventRounds "7"]
[EventCountry "ROU"]
[SourceTitle "CBM 195 Extra"]
[Source "ChessBase"]
[SourceDate "2020.05.31"]
[SourceVersion "1"]
[SourceVersionDate "2020.05.31"]
[SourceQuality "1"]

1. c4 d5 2. cxd5 Nf6 3. e4 e6 4. dxe6 Bxe6 5. Nf3 Nc6 6. Nc3 Bc5 7. h3 0-0 8. Be2 Nd4 9. d3 a6 10. 0-0 Ba7 11. Nxd4 Bxd4 12. Be3 c5 13. Qd2 Nd7 14. f4 f5 15. Bf3 g5 16. exf5 Bxf5 17. Bd5+ Kh8 18. fxg5 Ne5 19. Bxd4 cxd4 20. Qf4 Nc6 21. Bxc6 bxc6 22. Qe5+ Kg8 23. Rxf5 Re8 24. Qf6 dxc3 25. Qf7+ Kh8 26. g6 Qd4+ 27. Kh1 hxg6 28. Qxg6 Qg7 29. Qh5+ Qh7 30. bxc3 Re6 31. Qxh7+ 1-0

[Event "ROM-ch U14"]
[Site "Calimanesti Caciulata"]
[Date "2019.04.21"]
[Round "8"]
[White "Danila, Stefan"]
[Black "Tablan, Andrei Damian"]
[Result "1/2-1/2"]
[WhiteElo "1794"]
[BlackElo "1525"]
[PlyCount "124"]
[EventDate "2019.04.15"]
[EventType "swiss"]
[EventRounds "9"]
[EventCountry "ROU"]
[SourceTitle "CBM 190 Extra"]
[Source "ChessBase"]
[SourceDate "2019.07.15"]
[SourceVersion "1"]
[SourceVersionDate "2019.07.15"]
[SourceQuality "1"]

1. e4 d5 2. exd5 Qxd5 3. Nc3 Qa5 4. d4 Nf6 5. Nf3 Bf5 6. Bd3 Bg6 7. Ne5 c6 8. 0-0 e6 9. Bf4 Nh5 10. Nxg6 hxg6 11. Qf3 Nd7 12. Ne4 Nhf6 13. c3 Nxe4 14. Bxe4 0-0-0 15. Bxc6 Qb6 16. Be4 f5 17. Bc2 Be7 18. Bb3 g5 19. Bc1 Bd6 20. g3 g4 21. Qd3 Bc7 22. f3 Ne5 23. Qe3 Nxf3+ 24. Rxf3 gxf3 25. Qxe6+ Qxe6 26. Bxe6+ Kb8 27. Be3 Rde8 28. d5 f4 29. gxf4 Rh4 30. h3 Bxf4 31. Bxf4+ Rxf4 32. Kf2 Kc7 33. Rd1 Kd6 34. Rg1 Re7 35. b3 b6 36. c4 a5 37. Rg3 Ra7 38. Rg6 Rf6 39. Rxf6 gxf6 40. a3 Ke5 41. Kxf3 a4 42. b4 Rc7 43. h4 Rxc4 44. h5 Rc3+ 45. Kg2 Rc7 46. Kg3 Rh7 47. Kg4 Rh8 48. Kh4 f5 49. Kg5 f4 50. h6 f3 51. Kg6 f2 52. Bh3 Rg8+ 53. Kf7 Rg3 54. Bf1 Rg1 55. h7 Rh1 56. Kg8 Rxh7 57. Kxh7 Kxd5 58. Kg6 Kd4 59. Kf5 Kc3 60. Ke4 Kb3 61. Kd3 Kb2 62. Kd2 Kb3 1/2-1/2

[Event "ROM-ch U12"]
[Site "Calimanesti"]
[Date "2018.03.27"]
[Round "1"]
[White "Tablan, Andrei Damian"]
[Black "Grosu, Tudor"]
[Result "1-0"]
[WhiteElo "1494"]
[BlackElo "1093"]
[PlyCount "83"]
[EventDate "2018.03.27"]
[EventType "swiss"]
[EventRounds "9"]
[EventCountry "ROU"]
[SourceTitle "CBM 183 Extra"]
[Source "ChessBase"]
[SourceDate "2018.04.19"]
[SourceVersion "1"]
[SourceVersionDate "2018.04.19"]
[SourceQuality "1"]

1. e4 c5 2. Nf3 d6 3. c3 Nf6 4. Be2 g6 5. 0-0 Bg7 6. Qc2 0-0 7. d4 cxd4 8. cxd4 Nc6 9. Nc3 e5 10. d5 Nd4 11. Nxd4 exd4 12. Nb5 Qb6 13. Bf4 Rd8 14. Rfd1 Ng4 15. h3 Nf6 16. Nxd4 Re8 17. Be3 Rxe4 18. Bd3 Re5 19. Nf3 Rxe3 20. fxe3 Qxe3+ 21. Qf2 Qxf2+ 22. Kxf2 Nxd5 23. Bxg6 fxg6 24. Rxd5 Bxb2 25. Rb1 Ba3 26. Nd2 Be6 27. Ra5 Bc5+ 28. Kg3 b6 29. Ra4 a5 30. Nf3 d5 31. Re1 Bd7 32. Rh4 Kg7 33. Ng5 Rh8 34. Rd1 Bd6+ 35. Kf2 Bc6 36. Kg1 b5 37. Rc1 Bb7 38. Rf1 Bc5+ 39. Kh1 Ba8 40. Ne6+ Kg8 41. Nxc5 Kg7 42. Ne6+ 1-0

[Event "ROM-ch U12"]
[Site "Baile Felix"]
[Date "2017.02.07"]
[Round "7"]
[White "Oltean, Cristian Daniel"]
[Black "Tablan, Andrei Damian"]
[Result "0-1"]
[WhiteElo "1235"]
[BlackElo "1512"]
[PlyCount "84"]
[EventDate "2017.02.02"]
[EventType "swiss"]
[EventRounds "9"]
[EventCountry "ROU"]
[SourceTitle "CBM 176 Extra"]
[Source "ChessBase"]
[SourceDate "2017.03.02"]
[SourceVersion "1"]
[SourceVersionDate "2017.03.02"]
[SourceQuality "1"]

1. e4 c5 2. Nf3 d6 3. Bb5+ Bd7 4. Bxd7+ Qxd7 5. 0-0 g6 6. Qe2 Bg7 7. Rd1 Nc6 8. c3 e5 9. d3 Nge7 10. Be3 0-0 11. Nbd2 Kh8 12. Rac1 Rac8 13. Nb3 f5 14. Bg5 h6 15. Bd2 Kh7 16. c4 f4 17. h3 Rb8 18. a4 a6 19. Kh2 Nd4 20. Nbxd4 cxd4 21. b3 b5 22. cxb5 axb5 23. a5 b4 24. Rc4 Nc6 25. Ra1 Rb5 26. Qe1 Nxa5 27. Rxb4 Nxb3 28. Rxb5 Qxb5 29. Qb1 Rb8 30. Ra7 Nxd2 31. Qxb5 Nxf3+ 32. gxf3 Rxb5 33. Rd7 Rb3 34. Rxd6 Rxd3 35. Kg2 Rd1 36. Rd7 h5 37. h4 Kh6 38. Kh2 Bf6 39. Rd5 d3 40. Kg2 d2 41. Rd6 Be7 42. Rd7 Bb4 0-1

[Event "ROM-ch U12"]
[Site "Baile Felix"]
[Date "2017.02.03"]
[Round "2"]
[White "Tablan, Andrei Damian"]
[Black "Creanga, Robert Ionut"]
[Result "1/2-1/2"]
[WhiteElo "1512"]
[BlackElo "1940"]
[PlyCount "89"]
[EventDate "2017.02.02"]
[EventType "swiss"]
[EventRounds "9"]
[EventCountry "ROU"]
[SourceTitle "CBM 176 Extra"]
[Source "ChessBase"]
[SourceDate "2017.03.02"]
[SourceVersion "1"]
[SourceVersionDate "2017.03.02"]
[SourceQuality "1"]

1. e4 c5 2. Nf3 Nc6 3. d4 cxd4 4. Nxd4 Nf6 5. Nc3 e5 6. Nb3 Bb4 7. Bd3 d5 8. Bd2 Bxc3 9. Bxc3 dxe4 10. Bb5 Qc7 11. Qe2 0-0 12. 0-0-0 Be6 13. Nc5 Bf5 14. f3 Nd4 15. Bxd4 exd4 16. Nxe4 Nxe4 17. fxe4 Qf4+ 18. Rd2 Bxe4 19. Rf1 Qe5 20. Bc4 Rac8 21. Re1 Rfe8 22. Qf1 Re7 23. Rde2 Qg5+ 24. Kb1 Rxc4 25. Rxe4 Rxe4 26. Rxe4 Rc8 27. Rxd4 h6 28. Rd7 Qg6 29. Qf2 Qe6 30. Rxb7 Qd5 31. Qf3 Qc4 32. Qd3 Qc5 33. b4 Qg1+ 34. Kb2 Qxg2 35. Rxa7 Qxh2 36. b5 Qf2 37. Rd7 g5 38. Rd8+ Rxd8 39. Qxd8+ Kg7 40. b6 Qc5 41. Qc7 Qb4+ 42. Ka1 Qe1+ 43. Kb2 Qb4+ 44. Kc1 Qe1+ 45. Kb2 1/2-1/2

[Event "ROM-ch U10"]
[Site "Calimanesti"]
[Date "2015.04.06"]
[Round "9"]
[White "Tablan, Andrei Damian"]
[Black "Saulescu, Ioan Alexandru"]
[Result "1-0"]
[WhiteElo "1194"]
[BlackElo "1123"]
[PlyCount "73"]
[EventDate "2015.03.30"]
[EventType "swiss"]
[EventRounds "9"]
[EventCountry "ROU"]
[SourceTitle "CBM 165 Extra"]
[Source "ChessBase"]
[SourceDate "2015.04.21"]
[SourceVersion "1"]
[SourceVersionDate "2015.04.21"]
[SourceQuality "1"]

1. e4 e5 2. Nf3 d6 3. d4 f6 4. Bc4 Nc6 5. Bxg8 Rxg8 6. d5 Ne7 7. Nc3 Bg4 8. h3 Bh5 9. Qe2 c6 10. Qe3 cxd5 11. Nxd5 Nxd5 12. exd5 Qa5+ 13. Qd2 Qxd2+ 14. Bxd2 Bxf3 15. gxf3 Rc8 16. 0-0-0 Be7 17. Rhe1 Kd7 18. f4 Rc7 19. fxe5 fxe5 20. Be3 a6 21. b3 Rf8 22. Rf1 Rf3 23. Rh1 h6 24. Rdg1 g5 25. Rg3 Rxg3 26. fxg3 Rc3 27. Kd2 Rc8 28. Rf1 Rf8 29. Rxf8 Bxf8 30. g4 Ke7 31. Kd3 Kf6 32. Ke4 Kg6 33. Bf2 Be7 34. c4 Bf8 35. a4 h5 36. b4 hxg4 37. hxg4 1-0